Hindustani Cenima ky Pachas Saal / (Record no. 524465)
[ view plain ]
| 000 -LEADER | |
|---|---|
| fixed length control field | 00552nam a22001817a 4500 |
| 003 - CONTROL NUMBER IDENTIFIER | |
| control field | NUST |
| 038 ## - RECORD CONTENT LICENSOR | |
| Staff Name | Waseem |
| 082 ## - DEWEY DECIMAL CLASSIFICATION NUMBER | |
| Classification number | 791.430954 |
| Author Mark | ASH |
| 100 ## - MAIN ENTRY--PERSONAL NAME | |
| Personal name | Ashq, Parym Paal |
| 9 (RLIN) | 15283 |
| 245 ## - TITLE STATEMENT | |
| Title | Hindustani Cenima ky Pachas Saal / |
| Statement of responsibility, etc. | parym Paal Ashq |
| 260 ## - PUBLICATION, DISTRIBUTION, ETC. | |
| Place of publication, distribution, etc. | Lahore : |
| Name of publisher, distributor, etc. | Book home, |
| Date of publication, distribution, etc. | 2004. |
| 300 ## - PHYSICAL DESCRIPTION | |
| Extent | 152 p. ; |
| 500 ## - GENERAL NOTE | |
| General note | Hard cover. |
| 880 ## - ALTERNATE GRAPHIC REPRESENTATION | |
| Linkage | 100-01\r |
| Title | پریم پال اشک |
| 880 ## - ALTERNATE GRAPHIC REPRESENTATION | |
| Linkage | 245-02\r |
| Title | ہندوستانی سینما کے پچاس سال / |
| 880 ## - ALTERNATE GRAPHIC REPRESENTATION | |
| Linkage | 260-03\r |
| Title | لاہور : |
| b | بُک ہوم, |
| c | ۲۰۰۴. |
| 942 ## - ADDED ENTRY ELEMENTS (KOHA) | |
| Source of classification or shelving scheme | |
| Koha item type | Book |
| Withdrawn status | Lost status | Source of classification or shelving scheme | Damaged status | Not for loan | Permanent Location | Current Location | Date acquired | Total Checkouts | Full call number | Barcode | Date last seen | Price effective from | Koha item type |
|---|---|---|---|---|---|---|---|---|---|---|---|---|---|
| Central Library (CL) | Central Library (CL) | 06/21/2019 | 791.430954 ASH | CL-E-1774 | 06/21/2019 | 06/21/2019 | Book |
